Geographical Riddles - Statistics

General Stats
  • This quiz has been taken 75 times
  • The average score is 9 of 10
Answer Stats
Hint Answer % Correct
Known for its tulip fields and windmills,Yet its capital is where "Hague" meets "Amster". Netherlands
95%
A city that never sleeps,Where Broadway dazzles and Times Square leaps. New York City
95%
Land of temples, tigers, and a sacred river's flow,Where the Taj Mahal's beauty makes hearts glow. India/Agra
94%
From sushi to sumo, cherry blossoms bloom,In a land where tradition meets neon-lit room. Japan
94%
Where the Eiffel Tower sparkles and haute couture reigns,This city of romance soothes hearts' refrains. Paris
94%
Down under, where the Opera House gleams,Kangaroos hop freely in its sun-kissed beams. Sydney/Australia
94%
Where pyramids rise in desert sands vast,Ancient wonders echo a civilization's past. Egypt
92%
Nestled in the Alps with chocolate and banks,This neutral nation charms with its serene ranks. Switzerland
89%
City of canals and Carnival delight,Where gondolas glide 'neath the Venetian moonlight. Venice
89%
Where lions roam and Table Mountain stands tall,Mandela's legacy echoes in its Parliament Hall. Cape Town/South Africa
88%
No matching quizzes found
Score Distribution
Percent of People with Each Score
Percentile by Number Answered
Your Score History
You have not taken this quiz